[Event "MP Reykjavik Open 2011"]
[Site "Reykjavik ISL"]
[Date "2011.03.09"]
[Round "1.1"]
[White "McShane, Luke J"]
[Black "Sahl, Sheila Barth"]
[Result "1-0"]
[WhiteElo "2683"]
[BlackElo "2173"]
[PlyCount "143"]
[EventDate "2011.03.09"]
[EventType "swiss"]
[EventRounds "9"]
[EventCountry "ISL"]
[Source "lmi"]
[SourceDate "2011.03.09"]

1. c4 c6 2. Nf3 d5 3. g3 Nf6 4. Bg2 Bf5 5. O-O e6 6. cxd5 exd5 7. d3 h6 8. Nc3
Bc5 9. Qc2 Nbd7 10. e4 dxe4 11. dxe4 Bh7 12. Ne1 O-O 13. Kh1 Re8 14. Nd3 Bd4
15. f3 Ne5 16. Rd1 Qe7 17. Ne2 Bb6 18. Nxe5 Qxe5 19. Bf4 Qh5 20. Nc3 g5 21. g4
Qg6 22. Bg3 h5 23. h3 hxg4 24. fxg4 Qh6 25. Bh2 Re6 26. Re1 Rae8 27. Re2 Ba5
28. Rae1 Qf8 29. Qc1 Qh6 30. e5 Nd5 31. Nxd5 cxd5 32. Rd1 Be4 33. Bxe4 dxe4 34.
Kg2 Kg7 35. Rxe4 Rh8 36. Rd3 Rc6 37. Qd1 Rhc8 38. Re2 Rc1 39. Qa4 Qa6 40. Qe4
Bd8 41. e6 Qxe6 42. Qxe6 fxe6 43. Rd7+ Kf8 44. Bd6+ Ke8 45. Rxb7 R8c2 46. Rxc2
Rxc2+ 47. Kf3 Bf6 48. Ba3 Rh2 49. Rh7 a5 50. Ke4 Bxb2 51. Bxb2 Rxb2 52. Ke5
Re2+ 53. Kf6 e5 54. Re7+ Kf8 55. Rxe5 Rxa2 56. Rxg5 Rf2+ 57. Kg6 Rh2 58. Rxa5
Rxh3 59. g5 Rg3 60. Ra8+ Ke7 61. Ra7+ Kf8 62. Ra8+ Ke7 63. Rg8 Rg1 64. Kh7 Rg2
65. g6 Rg1 66. Ra8 Rh1+ 67. Kg8 Rg1 68. Ra6 Rg2 69. g7 Rg1 70. Rh6 Rg2 71. Kh8
Kf7 72. Rh7 1-0

[Event "MP Reykjavik Open 2011"]
[Site "Reykjavik ISL"]
[Date "2011.03.09"]
[Round "1.2"]
[White "Rothe, Guido"]
[Black "Miroshnichenko, Evgenij"]
[Result "0-1"]
[WhiteElo "2171"]
[BlackElo "2670"]
[PlyCount "68"]
[EventDate "2011.03.09"]
[EventType "swiss"]
[EventRounds "9"]
[EventCountry "ISL"]
[Source "lmi"]
[SourceDate "2011.03.09"]

1. e4 c5 2. Nf3 d6 3. d4 cxd4 4. Nxd4 Nf6 5. Nc3 Nc6 6. Be3 Ng4 7. Bc4 Nxe3 8.
fxe3 Ne5 9. Bb3 g6 10. O-O Bg7 11. Nf3 O-O 12. Qd5 e6 13. Qd2 b6 14. Nd4 a6 15.
Rad1 Ra7 16. Nce2 Re7 17. Nf4 Qc7 18. Qe2 Rfe8 19. c3 Bb7 20. Nf3 b5 21. a4
Bxe4 22. axb5 Bxf3 23. gxf3 axb5 24. Nd3 Nc4 25. Nb4 Na5 26. Bc2 Qb6 27. Bd3
Rb8 28. f4 Nc6 29. Ra1 Nxb4 30. cxb4 Ra7 31. Rxa7 Qxa7 32. Kf2 d5 33. Rc1 Qa4
34. Rc2 Qxb4 0-1

[Event "MP Reykjavik Open 2011"]
[Site "Reykjavik ISL"]
[Date "2011.03.09"]
[Round "1.3"]
[White "Gustafsson, Jan"]
[Black "Agrest, Inna"]
[Result "1-0"]
[WhiteElo "2647"]
[BlackElo "2170"]
[PlyCount "55"]
[EventDate "2011.03.09"]
[EventType "swiss"]
[EventRounds "9"]
[EventCountry "ISL"]
[Source "lmi"]
[SourceDate "2011.03.09"]

1. d4 Nf6 2. c4 g6 3. Nc3 Bg7 4. e4 d6 5. Nf3 O-O 6. Be2 Nbd7 7. O-O e5 8. Be3
Re8 9. Qc2 exd4 10. Nxd4 Ne5 11. Rad1 Bd7 12. f3 a6 13. Qd2 c6 14. Kh1 b5 15.
cxb5 axb5 16. Nc2 Be6 17. b3 Qa5 18. Bd4 b4 19. Na4 c5 20. Ba1 c4 21. Qe3 c3
22. Rd4 Rab8 23. Nxb4 Rxb4 24. Bxc3 Nc6 25. Rxd6 Ng4 26. fxg4 Bxc3 27. Qxc3 Ne5
28. Ra6 1-0

[Event "MP Reykjavik Open 2011"]
[Site "Reykjavik ISL"]
[Date "2011.03.09"]
[Round "1.4"]
[White "Burrows, Martin P"]
[Black "Sokolov, Ivan"]
[Result "0-1"]
[WhiteElo "2168"]
[BlackElo "2643"]
[PlyCount "76"]
[EventDate "2011.03.09"]
[EventType "swiss"]
[EventRounds "9"]
[EventCountry "ISL"]
[Source "lmi"]
[SourceDate "2011.03.09"]

1. e4 e5 2. Bc4 Nf6 3. d4 exd4 4. Nf3 Bb4+ 5. c3 dxc3 6. bxc3 d5 7. exd5 Bd6 8.
O-O O-O 9. Bb3 Nbd7 10. Bg5 Nc5 11. Qd4 Nce4 12. Bxf6 Nxf6 13. c4 Bb4 14. c5
Ba5 15. Na3 b6 16. Nc4 bxc5 17. Qxc5 Bb6 18. Nxb6 axb6 19. Qd4 Bb7 20. Rfd1 Qd6
21. Ne5 Rad8 22. Rd3 Rfe8 23. f4 Bxd5 24. Rad1 Bxb3 25. Qxd6 Rxd6 26. axb3 Ne4
27. Rxd6 Nxd6 28. Rc1 f6 29. Nf3 Nb5 30. Kf2 Kf7 31. Rc4 Rd8 32. Ke2 Rd5 33. g4
Ke6 34. h4 h5 35. g5 Kf5 36. Ke3 Rd7 37. Ra4 c5 38. Ra6 Nc7 0-1

[Event "MP Reykjavik Open 2011"]
[Site "Reykjavik ISL"]
[Date "2011.03.09"]
[Round "1.5"]
[White "Adly, Ahmed"]
[Black "Duchrow, Oliver"]
[Result "1-0"]
[WhiteElo "2640"]
[BlackElo "2165"]
[PlyCount "49"]
[EventDate "2011.03.09"]
[EventType "swiss"]
[EventRounds "9"]
[EventCountry "ISL"]
[Source "lmi"]
[SourceDate "2011.03.09"]

1. d4 f5 2. e4 fxe4 3. Nc3 Nc6 4. d5 Ne5 5. Qd4 Nf7 6. Bf4 Nf6 7. Nb5 Nd6 8.
O-O-O g6 9. Qc3 c6 10. dxc6 dxc6 11. Be5 cxb5 12. Rxd6 Bh6+ 13. Kb1 exd6 14.
Bxf6 Qb6 15. Bxh8 Qxf2 16. Bxb5+ Bd7 17. Nh3 Qxg2 18. Rg1 Qxh2 19. Qc4 Ke7 20.
Qxe4+ Kd8 21. Bxd7 Kc7 22. Bc3 Rf8 23. Rh1 Qg3 24. Bb5 Kb8 25. a4 1-0

[Event "MP Reykjavik Open 2011"]
[Site "Reykjavik ISL"]
[Date "2011.03.09"]
[Round "1.6"]
[White "Van der Plas, Rob"]
[Black "Kuzubov, Yuriy"]
[Result "0-1"]
[WhiteElo "2165"]
[BlackElo "2627"]
[PlyCount "50"]
[EventDate "2011.03.09"]
[EventType "swiss"]
[EventRounds "9"]
[EventCountry "ISL"]
[Source "lmi"]
[SourceDate "2011.03.09"]

1. d4 Nf6 2. c4 g6 3. Nc3 Bg7 4. e4 d6 5. f4 O-O 6. Nf3 c5 7. d5 e6 8. Be2 exd5
9. cxd5 Re8 10. e5 Nfd7 11. O-O dxe5 12. d6 Nc6 13. Nd5 e4 14. Ng5 h6 15. Nc7
Nb6 16. Nxe8 Qxe8 17. Nh3 Bxh3 18. gxh3 Rd8 19. a4 Nd4 20. Bb5 Qe6 21. f5 Nxf5
22. Bf4 a6 23. a5 axb5 24. axb6 g5 25. Bg3 Bd4+ 0-1

[Event "MP Reykjavik Open 2011"]
[Site "Reykjavik ISL"]
[Date "2011.03.09"]
[Round "1.7"]
[White "Hammer, Jon Ludvig"]
[Black "Andersson, Christin"]
[Result "1-0"]
[WhiteElo "2606"]
[BlackElo "2163"]
[PlyCount "85"]
[EventDate "2011.03.09"]
[EventType "swiss"]
[EventRounds "9"]
[EventCountry "ISL"]
[Source "lmi"]
[SourceDate "2011.03.09"]

1. d4 Nf6 2. c4 d6 3. Nf3 Nbd7 4. Nc3 e5 5. e4 Be7 6. g3 O-O 7. Bg2 c6 8. O-O
Qc7 9. Bd2 b6 10. Rc1 Bb7 11. Re1 Rad8 12. d5 Nc5 13. Bf1 cxd5 14. cxd5 Qd7 15.
b4 Ncxe4 16. Nxe4 Nxe4 17. Rxe4 Bxd5 18. Re3 Bxa2 19. Rec3 Rc8 20. Bb5 Qg4 21.
Rc7 Rxc7 22. Rxc7 Bf6 23. Rxa7 Bd5 24. Be2 Qh3 25. Be3 Ba8 26. Bxb6 d5 27. Bc5
Rd8 28. Qa4 Qc8 29. Qa6 d4 30. Qxc8 Rxc8 31. Nd2 Bd5 32. Bc4 Bxc4 33. Nxc4 h5
34. Nd6 Rb8 35. Kf1 d3 36. Ke1 h4 37. Kd2 hxg3 38. hxg3 Bd8 39. Nxf7 Bb6 40.
Rd7 e4 41. Bxb6 Rxb6 42. Ng5 Kf8 43. Rd4 1-0

[Event "MP Reykjavik Open 2011"]
[Site "Reykjavik ISL"]
[Date "2011.03.09"]
[Round "1.8"]
[White "Bjornsson, Tomas"]
[Black "Hansen, Sune Berg"]
[Result "0-1"]
[WhiteElo "2158"]
[BlackElo "2603"]
[PlyCount "78"]
[EventDate "2011.03.09"]
[EventType "swiss"]
[EventRounds "9"]
[EventCountry "ISL"]
[Source "lmi"]
[SourceDate "2011.03.09"]

1. e4 c5 2. c3 Nf6 3. e5 Nd5 4. d4 cxd4 5. Nf3 e6 6. cxd4 d6 7. Nc3 Nxc3 8.
bxc3 Qc7 9. Bd2 Nd7 10. exd6 Bxd6 11. Bd3 b6 12. O-O Bb7 13. h3 O-O 14. a4 a5
15. Qe2 Bf4 16. Bxf4 Qxf4 17. Qe3 Qc7 18. Bb5 Nf6 19. c4 Rfd8 20. Rfd1 Rac8 21.
Rac1 Ne4 22. Ne5 Qe7 23. Nf3 Qc7 24. Ne5 h6 25. Nf3 Nd6 26. d5 Nf5 27. Qe5 Qe7
28. Re1 Qd6 29. dxe6 Qxe6 30. Qxe6 fxe6 31. Ne5 Rc5 32. Ng4 Nh4 33. Rxe6 Bxg2
34. Nxh6+ Kh7 35. Nf7 Rf8 36. Ne5 Bxh3 37. Nd7 Nf3+ 38. Kh1 Rg5 39. Nxf8+ Kg8
0-1

[Event "MP Reykjavik Open 2011"]
[Site "Reykjavik ISL"]
[Date "2011.03.09"]
[Round "1.9"]
[White "Chatalbashev, Boris"]
[Black "Maack, Kjartan"]
[Result "1-0"]
[WhiteElo "2602"]
[BlackElo "2157"]
[PlyCount "65"]
[EventDate "2011.03.09"]
[EventType "swiss"]
[EventRounds "9"]
[EventCountry "ISL"]
[Source "lmi"]
[SourceDate "2011.03.09"]

1. d4 f5 2. g3 Nf6 3. Bg2 e6 4. c4 c6 5. Nf3 d5 6. O-O Bd6 7. b3 Qe7 8. Ne5 O-O
9. Nd2 b6 10. cxd5 exd5 11. Ndf3 Ne4 12. Bb2 Bb7 13. Rc1 a5 14. e3 c5 15. Nd3
Na6 16. Nf4 Nc7 17. dxc5 bxc5 18. Qc2 Ne6 19. Be5 Bxe5 20. Nxe5 Rac8 21. Qb2
Rfd8 22. Rfd1 Nxf4 23. gxf4 Nf6 24. Qc3 a4 25. bxa4 Kh8 26. Qa3 Ne4 27. a5 g5
28. Qb2 Kg8 29. f3 Nd6 30. fxg5 Nf7 31. Nxf7 Qxe3+ 32. Kh1 Kxf7 33. Qxb7+ 1-0

[Event "MP Reykjavik Open 2011"]
[Site "Reykjavik ISL"]
[Date "2011.03.09"]
[Round "1.10"]
[White "Guindy, Esmat"]
[Black "Baklan, Vladimir"]
[Result "0-1"]
[WhiteElo "2153"]
[BlackElo "2602"]
[PlyCount "134"]
[EventDate "2011.03.09"]
[EventType "swiss"]
[EventRounds "9"]
[EventCountry "ISL"]
[Source "lmi"]
[SourceDate "2011.03.09"]

1. d4 Nf6 2. c4 g6 3. Nf3 Bg7 4. g3 O-O 5. Bg2 d6 6. Nc3 Nc6 7. O-O Bf5 8. d5
Na5 9. Nd2 c5 10. h3 e5 11. b3 h5 12. e4 Bd7 13. Nf3 Nh7 14. Bd2 b6 15. Qc1 Qe8
16. Bh6 Qe7 17. Qd2 Bxh6 18. Qxh6 a6 19. Qd2 Kg7 20. Nh4 b5 21. Nd1 b4 22. Qe2
Nb7 23. Kh2 a5 24. Nb2 a4 25. Nd3 Ra7 26. Rab1 axb3 27. axb3 Ra3 28. Bh1 Na5
29. Nc1 Bc8 30. Bg2 Ba6 31. Qd1 Nf6 32. Re1 Ng8 33. Bf1 Nh6 34. Bd3 Bc8 35. Re3
Rh8 36. Qf1 Qf6 37. f3 Ng8 38. Ng2 h4 39. g4 Ne7 40. Re1 Bd7 41. Qf2 Nc8 42.
Qd2 Qxf3 43. Qe3 Qxe3 44. Nxe3 Nb7 45. Rf1 Ne7 46. Rb2 Rf8 47. Rbf2 f6 48. g5
Ng8 49. Ng4 Bxg4 50. hxg4 Nd8 51. Kh3 Nf7 52. gxf6+ Nxf6 53. Kxh4 g5+ 54. Kg3
Nh6 55. Kg2 Nhxg4 56. Rf3 Rh8 57. Rh3 Rxh3 58. Kxh3 Nh6 59. Rg1 Kg6 60. Bc2 Ra1
61. Kg3 Nh5+ 62. Kf3 g4+ 63. Ke3 Nf4 64. Ne2 Rxg1 65. Nxg1 Kg5 66. Bd1 Kh4 67.
Kf2 Nf7 0-1

[Event "MP Reykjavik Open 2011"]
[Site "Reykjavik ISL"]
[Date "2011.03.09"]
[Round "1.11"]
[White "Miton, Kamil"]
[Black "Sellitti, Federico"]
[Result "1-0"]
[WhiteElo "2600"]
[BlackElo "2142"]
[PlyCount "61"]
[EventDate "2011.03.09"]
[EventType "swiss"]
[EventRounds "9"]
[EventCountry "ISL"]
[Source "lmi"]
[SourceDate "2011.03.09"]

1. d4 d5 2. c4 Nc6 3. cxd5 Qxd5 4. e3 e5 5. Nc3 Bb4 6. Bd2 Bxc3 7. bxc3 Qd6 8.
Bd3 Nge7 9. Ne2 O-O 10. O-O f5 11. Qb1 b6 12. f3 Bb7 13. Be1 Rae8 14. Bf2 Kh8
15. Re1 Qf6 16. Ng3 Nb8 17. Qc2 Nd7 18. a4 a5 19. Bb5 Bc6 20. Bd3 Bb7 21. Rab1
h6 22. Rbd1 g6 23. Bb5 Bc6 24. c4 exd4 25. e4 Kh7 26. Bxd4 Qf7 27. exf5 Nxf5
28. Nxf5 Bxb5 29. cxb5 Qxf5 30. Qxc7 Qd5 31. Be3 1-0

[Event "MP Reykjavik Open 2011"]
[Site "Reykjavik ISL"]
[Date "2011.03.09"]
[Round "1.12"]
[White "Huguet, Sergio"]
[Black "Pelletier, Yannick"]
[Result "0-1"]
[WhiteElo "2140"]
[BlackElo "2593"]
[PlyCount "70"]
[EventDate "2011.03.09"]
[EventType "swiss"]
[EventRounds "9"]
[EventCountry "ISL"]
[Source "lmi"]
[SourceDate "2011.03.09"]

1. e4 d6 2. d4 Nf6 3. f3 d5 4. Nc3 dxe4 5. fxe4 e5 6. Nf3 exd4 7. Qxd4 Qxd4 8.
Nxd4 Bc5 9. Ndb5 Na6 10. Bf4 Bb6 11. Be2 O-O 12. O-O-O Ng4 13. Rd2 Be6 14. Nd4
Rae8 15. Na4 Ba5 16. c3 Bc8 17. Bxa6 Rxe4 18. Bxb7 Bxb7 19. Nc5 Rxf4 20. Nxb7
Bb6 21. g3 Re4 22. Re2 Rxe2 23. Nxe2 Nf2 24. Rf1 Rb8 25. Na5 Nd3+ 26. Kc2 Bxa5
27. Kxd3 Rxb2 28. a4 g6 29. Ra1 Kf8 30. h4 h5 31. Ra3 Ke8 32. Nf4 c6 33. Kc4
Bc7 34. Nd3 Rb1 35. Nb4 Kd7 0-1

[Event "MP Reykjavik Open 2011"]
[Site "Reykjavik ISL"]
[Date "2011.03.09"]
[Round "1.13"]
[White "Fier, Alexandr"]
[Black "Ingvason, Johann"]
[Result "1-0"]
[WhiteElo "2586"]
[BlackElo "2135"]
[PlyCount "59"]
[EventDate "2011.03.09"]
[EventType "swiss"]
[EventRounds "9"]
[EventCountry "ISL"]
[Source "lmi"]
[SourceDate "2011.03.09"]

1. e4 e6 2. d4 d5 3. Nc3 Bb4 4. e5 c5 5. a3 cxd4 6. axb4 dxc3 7. Nf3 Ne7 8. Bd3
Qc7 9. O-O Nbc6 10. bxc3 Nxe5 11. Nxe5 Qxe5 12. Be3 Qxc3 13. Qg4 f5 14. Qh5+ g6
15. Qh4 Qg7 16. Rfe1 g5 17. Qxg5 Qxg5 18. Bxg5 Nc6 19. Ra4 Rg8 20. h4 Kf7 21.
b5 Nd8 22. c4 dxc4 23. Rxc4 Kg6 24. Rc7 e5 25. Rxe5 Nf7 26. Rxf7 Kxf7 27. Bc4+
Kg7 28. Re7+ Kf8 29. Rf7+ Ke8 30. Rxh7 1-0

[Event "MP Reykjavik Open 2011"]
[Site "Reykjavik ISL"]
[Date "2011.03.09"]
[Round "1.14"]
[White "Schaefer, Reyk"]
[Black "Gupta, Abhijeet"]
[Result "0-1"]
[WhiteElo "2133"]
[BlackElo "2580"]
[PlyCount "80"]
[EventDate "2011.03.09"]
[EventType "swiss"]
[EventRounds "9"]
[EventCountry "ISL"]
[Source "lmi"]
[SourceDate "2011.03.09"]

1. d4 Nf6 2. Nf3 d5 3. c4 c6 4. Nc3 dxc4 5. g3 g6 6. a4 Bg7 7. Bg2 O-O 8. O-O
Na6 9. Bf4 Nd5 10. Ne5 Be6 11. Qd2 Nxf4 12. gxf4 Nc5 13. Rad1 Nb3 14. Qe3 Qb6
15. d5 Qxe3 16. fxe3 Bxe5 17. fxe5 cxd5 18. Nxd5 Bxd5 19. Bxd5 Na5 20. e6 f6
21. e4 Rac8 22. Rf3 Rc7 23. Rdf1 Kg7 24. h4 Rd8 25. Rc1 Rdc8 26. Rfc3 Nb3 27.
Rd1 a6 28. h5 b5 29. Kf2 g5 30. e5 f5 31. Rf3 Rf8 32. Ke3 f4+ 33. Kf2 Rd8 34.
h6+ Kxh6 35. Rh3+ Kg7 36. Rxh7+ Kxh7 37. Be4+ Kg7 38. Rxd8 Nc5 39. Bd5 b4 40.
Rb8 c3 0-1

[Event "MP Reykjavik Open 2011"]
[Site "Reykjavik ISL"]
[Date "2011.03.09"]
[Round "1.15"]
[White "Halkias, Stelios"]
[Black "Steil-Antoni, Fiona"]
[Result "1-0"]
[WhiteElo "2579"]
[BlackElo "2117"]
[PlyCount "97"]
[EventDate "2011.03.09"]
[EventType "swiss"]
[EventRounds "9"]
[EventCountry "ISL"]
[Source "lmi"]
[SourceDate "2011.03.09"]

1. d4 d5 2. c4 e6 3. Nf3 Nf6 4. Nc3 Be7 5. Bg5 O-O 6. Qc2 h6 7. Bh4 b6 8. e3
Bb7 9. Bxf6 Bxf6 10. cxd5 exd5 11. h4 c5 12. O-O-O cxd4 13. exd4 Nc6 14. g4 Rc8
15. g5 hxg5 16. hxg5 Bxg5+ 17. Kb1 Bh6 18. Bb5 Qf6 19. Bxc6 Rxc6 20. Ne5 Rc7
21. Ng4 Qf4 22. Rh4 Qg5 23. Rdh1 Bc8 24. Nxh6+ gxh6 25. Qd1 Bf5+ 26. Ka1 Bg6
27. f4 Qf5 28. Rxh6 Kg7 29. Qe1 Rfc8 30. Qg3 Kf8 31. Rh8+ Ke7 32. Qe3+ Kd7 33.
Rxc8 Kxc8 34. Nb5 Qe6 35. Qxe6+ fxe6 36. Nxc7 Kxc7 37. b3 Kc6 38. Rc1+ Kd7 39.
Rg1 Bf7 40. Kb2 Ke7 41. Kc3 a6 42. Kd2 Bh5 43. Ke3 Kd6 44. Rg7 Bd1 45. Kd2 Bf3
46. b4 Be4 47. a4 Kc6 48. Ra7 Bf5 49. Kc3 1-0

[Event "MP Reykjavik Open 2011"]
[Site "Reykjavik ISL"]
[Date "2011.03.09"]
[Round "1.16"]
[White "Thorsteinsson, Erlingur"]
[Black "Jones, Gawain C B"]
[Result "0-1"]
[WhiteElo "2110"]
[BlackElo "2578"]
[PlyCount "62"]
[EventDate "2011.03.09"]
[EventType "swiss"]
[EventRounds "9"]
[EventCountry "ISL"]
[Source "lmi"]
[SourceDate "2011.03.09"]

1. b3 e5 2. Bb2 d6 3. e3 Nf6 4. c4 Qe7 5. Nf3 c5 6. d3 g6 7. Nc3 Bg7 8. Be2 O-O
9. O-O b6 10. Nd2 Na6 11. Bf3 Rb8 12. Nde4 Nxe4 13. Nd5 Qd7 14. dxe4 Nc7 15.
Bg4 f5 16. exf5 gxf5 17. Bh3 Kh8 18. Nc3 Qe7 19. Qd3 b5 20. cxb5 Be6 21. Rad1
d5 22. Rfe1 d4 23. exd4 cxd4 24. Ne2 Nxb5 25. Qd2 Rbd8 26. Qa5 Rd5 27. Qa6 Bc8
28. Qa4 Qd6 29. Qc4 Ba6 30. Qc1 d3 31. Qd2 dxe2 0-1

[Event "MP Reykjavik Open 2011"]
[Site "Reykjavik ISL"]
[Date "2011.03.09"]
[Round "1.17"]
[White "Hess, Robert L"]
[Black "Braig, Frank"]
[Result "1-0"]
[WhiteElo "2565"]
[BlackElo "2105"]
[PlyCount "93"]
[EventDate "2011.03.09"]
[EventType "swiss"]
[EventRounds "9"]
[EventCountry "ISL"]
[Source "lmi"]
[SourceDate "2011.03.09"]

1. e4 c6 2. Nc3 d5 3. d4 dxe4 4. Nxe4 Nf6 5. Nxf6+ gxf6 6. Be3 Bf5 7. Ne2 Nd7
8. Ng3 Be6 9. Bd3 Nb6 10. O-O Qc7 11. a4 Nd5 12. Bd2 Nf4 13. Be4 h5 14. Ne2 Bh6
15. Nxf4 Bxf4 16. Bxf4 Qxf4 17. Re1 O-O-O 18. c3 h4 19. b4 Rhg8 20. Qf3 Qg5 21.
b5 f5 22. Bb1 c5 23. dxc5 Rd2 24. a5 Bd5 25. Qxf5+ Qxf5 26. Bxf5+ e6 27. Be4 h3
28. g3 Rg5 29. c4 Bxe4 30. Rxe4 Rf5 31. Rf1 Rxc5 32. Rh4 Kd7 33. a6 bxa6 34.
bxa6 Ra2 35. Rxh3 Rxc4 36. Rb1 Rcc2 37. Rb7+ Kd6 38. Rxf7 Rxa6 39. Rh8 Ra1+ 40.
Kg2 a5 41. h4 a4 42. h5 a3 43. Rd8+ Ke5 44. h6 a2 45. h7 Rg1+ 46. Kxg1 a1=Q+
47. Kh2 1-0

[Event "MP Reykjavik Open 2011"]
[Site "Reykjavik ISL"]
[Date "2011.03.09"]
[Round "1.18"]
[White "Kristinsson, Ogmundur"]
[Black "Nyzhnyk, Illya"]
[Result "0-1"]
[WhiteElo "2099"]
[BlackElo "2563"]
[PlyCount "84"]
[EventDate "2011.03.09"]
[EventType "swiss"]
[EventRounds "9"]
[EventCountry "ISL"]
[Source "lmi"]
[SourceDate "2011.03.09"]

1. c4 Nf6 2. Nc3 g6 3. g3 Bg7 4. Bg2 O-O 5. Nf3 d6 6. d4 Nc6 7. O-O Bg4 8. b3
Nd7 9. e3 e5 10. Ne2 Qf6 11. dxe5 Ndxe5 12. Nxe5 Nxe5 13. Bb2 Qg5 14. Qd2 Nf3+
15. Bxf3 Bxf3 16. Bxg7 Kxg7 17. Nd4 Bg4 18. Kg2 Qh5 19. h4 Rae8 20. f3 Bd7 21.
Rae1 Re5 22. Ne2 g5 23. g4 Qh6 24. e4 Qf6 25. hxg5 Rxg5 26. Qf4 h5 27. Qxf6+
Kxf6 28. Nf4 hxg4 29. Nd5+ Kg7 30. f4 Rh5 31. Rh1 Rxh1 32. Rxh1 Re8 33. Nc3 Bc6
34. Kg3 f5 35. Rh5 Bxe4 36. Nxe4 fxe4 37. Rh2 c6 38. Kxg4 d5 39. cxd5 cxd5 40.
Kg5 e3 41. f5 e2 42. f6+ Kf7 0-1

[Event "MP Reykjavik Open 2011"]
[Site "Reykjavik ISL"]
[Date "2011.03.09"]
[Round "1.20"]
[White "Schwenke, Markus"]
[Black "Danielsen, Henrik"]
[Result "0-1"]
[WhiteElo "2098"]
[BlackElo "2533"]
[PlyCount "94"]
[EventDate "2011.03.09"]
[EventType "swiss"]
[EventRounds "9"]
[EventCountry "ISL"]
[Source "lmi"]
[SourceDate "2011.03.09"]

1. Nf3 c5 2. c4 g6 3. Nc3 Bg7 4. g3 Nc6 5. Bg2 d6 6. O-O e5 7. d3 Nge7 8. e4
O-O 9. Ne1 f5 10. f4 Be6 11. Nf3 Kh8 12. Nd5 exf4 13. gxf4 Qd7 14. Rb1 fxe4 15.
dxe4 Nd4 16. Nxd4 Bxd4+ 17. Be3 Nc6 18. Bxd4+ Nxd4 19. Qd3 Qg7 20. Rf2 Rf7 21.
Bh3 Bxd5 22. cxd5 Raf8 23. Rbf1 Qh6 24. f5 gxf5 25. Bxf5 Rg7+ 26. Kh1 Rfg8 27.
Bh3 a5 28. Rg2 Rxg2 29. Bxg2 Qg5 30. Rf2 Qc1+ 31. Qf1 Qxf1+ 32. Rxf1 Kg7 33.
Bh3 Re8 34. Bg2 Rf8 35. Rxf8 Kxf8 36. Bf1 Kg7 37. Kg2 Kf6 38. Kf2 Kg5 39. Ke3
Nc2+ 40. Kd2 Nd4 41. Ke3 a4 42. Bd3 b5 43. h3 c4 44. Bf1 Nc2+ 45. Kd2 Nb4 46.
a3 Na6 47. Ke3 Nc5 0-1

[Event "MP Reykjavik Open 2011"]
[Site "Reykjavik ISL"]
[Date "2011.03.09"]
[Round "1.21"]
[White "Friedel, Joshua E"]
[Black "Larusson, Petur Atli"]
[Result "1-0"]
[WhiteElo "2529"]
[BlackElo "2095"]
[PlyCount "51"]
[EventDate "2011.03.09"]
[EventType "swiss"]
[EventRounds "9"]
[EventCountry "ISL"]
[Source "lmi"]
[SourceDate "2011.03.09"]

1. e4 c5 2. Nf3 d6 3. d4 cxd4 4. Nxd4 Nf6 5. Nc3 Nc6 6. Bg5 e6 7. Qd2 a6 8.
O-O-O h6 9. Nxc6 bxc6 10. Bf4 d5 11. Qe3 Be7 12. Be2 O-O 13. h4 Re8 14. g4 Qa5
15. g5 Nd7 16. exd5 cxd5 17. g6 Nf6 18. gxf7+ Kxf7 19. Rhg1 Bb4 20. Be5 Rg8 21.
Qf4 Be7 22. Bh5+ Kf8 23. Rg6 Qb4 24. Rxf6+ gxf6 25. Qxh6+ Rg7 26. Rg1 1-0

[Event "MP Reykjavik Open 2011"]
[Site "Reykjavik ISL"]
[Date "2011.03.09"]
[Round "1.22"]
[White "Rehfeldt, Frank"]
[Black "Mekhitarian, Krikor Sevag"]
[Result "1-0"]
[WhiteElo "2091"]
[BlackElo "2529"]
[PlyCount "143"]
[EventDate "2011.03.09"]
[EventType "swiss"]
[EventRounds "9"]
[EventCountry "ISL"]
[Source "lmi"]
[SourceDate "2011.03.09"]

1. e4 c5 2. Nf3 e6 3. d4 cxd4 4. Nxd4 Nf6 5. Nc3 d6 6. Bc4 Be7 7. Bb3 O-O 8.
Be3 Na6 9. f3 Nc5 10. Qd2 a6 11. O-O-O Qc7 12. g4 b5 13. Kb1 Bb7 14. h4 Nfd7
15. g5 Ne5 16. Qg2 b4 17. Nce2 Kh8 18. h5 Rac8 19. Rc1 Nxb3 20. axb3 Qd7 21. g6
Bf6 22. h6 fxg6 23. hxg7+ Bxg7 24. Nf4 Kg8 25. Ndxe6 Rf6 26. Qh3 Bh8 27. Rcd1
Rf7 28. Rdg1 Bf6 29. Bd4 Rg7 30. Nxg7 Qxh3 31. Rxh3 Bxg7 32. Ne6 Bf6 33. f4 Nd7
34. Bxf6 Nxf6 35. e5 dxe5 36. fxe5 Ne4 37. Nd4 Rd8 38. Rd3 Nc5 39. Nc6 Re8 40.
Rd6 Ne4 41. Nxb4 Nxd6 42. exd6 Rd8 43. Rd1 a5 44. Nd5 Kf7 45. Nc7 g5 46. c4 h5
47. c5 h4 48. Rf1+ Kg6 49. Ne6 Ra8 50. Rg1 h3 51. Nf4+ Kf5 52. Nxh3 g4 53. Nf2
Rc8 54. Nxg4 Ke6 55. Rc1 Bc6 56. Ne3 Bb5 57. Ka2 Kd7 58. Nd5 Rh8 59. Ka3 Rh3
60. Rc3 Rh1 61. b4 Ra1+ 62. Kb3 a4+ 63. Kc2 Rh1 64. Re3 Kc6 65. Nb6 Rh8 66. Re7
Rh2+ 67. Kc3 Bf1 68. Nxa4 Rh3+ 69. Kc2 Bd3+ 70. Kd2 Bf5 71. Nc3 Bd7 72. b5+ 1-0

[Event "MP Reykjavik Open 2011"]
[Site "Reykjavik ISL"]
[Date "2011.03.09"]
[Round "1.24"]
[White "Ragnarsson, Johann"]
[Black "Hillarp Persson, Tiger"]
[Result "0-1"]
[WhiteElo "2089"]
[BlackElo "2524"]
[PlyCount "50"]
[EventDate "2011.03.09"]
[EventType "swiss"]
[EventRounds "9"]
[EventCountry "ISL"]
[Source "lmi"]
[SourceDate "2011.03.09"]

1. d4 e6 2. c4 c5 3. d5 exd5 4. cxd5 d6 5. Nc3 g6 6. e4 Bg7 7. h4 Nf6 8. h5
Nxh5 9. Rxh5 gxh5 10. Qxh5 Nd7 11. Bh6 Bxh6 12. Qxh6 Qf6 13. Qh2 a6 14. f4 b5
15. Nf3 b4 16. e5 Qg6 17. O-O-O bxc3 18. Bd3 cxb2+ 19. Kb1 Qg7 20. Re1 O-O 21.
Ng5 h6 22. Re3 hxg5 23. Rg3 Nxe5 24. Rxg5 Ng6 25. Qg3 Qc3 0-1

[Event "MP Reykjavik Open 2011"]
[Site "Reykjavik ISL"]
[Date "2011.03.09"]
[Round "1.25"]
[White "Dronavalli, Harika"]
[Black "Mihajlov, Svetoslav"]
[Result "1-0"]
[WhiteElo "2524"]
[BlackElo "2087"]
[PlyCount "121"]
[EventDate "2011.03.09"]
[EventType "swiss"]
[EventRounds "9"]
[EventCountry "ISL"]
[Source "lmi"]
[SourceDate "2011.03.09"]

1. Nf3 Nf6 2. c4 c6 3. Nc3 d5 4. e3 e6 5. b3 Nbd7 6. Qc2 Bd6 7. Be2 O-O 8. Bb2
a6 9. d4 b5 10. O-O Bb7 11. Rad1 b4 12. Na4 Ne4 13. Ne5 Bxe5 14. dxe5 Qa5 15.
Bd3 f5 16. exf6 Nexf6 17. e4 dxe4 18. Bxe4 Qc7 19. c5 Rae8 20. h3 Rf7 21. Rd4
a5 22. Rfd1 Nf8 23. Nb6 Ba6 24. R4d2 Nd5 25. Nc4 Bxc4 26. bxc4 Nf4 27. Rd6 Qe7
28. Bc1 Rc8 29. Bxf4 Rxf4 30. g3 Rf7 31. Qd2 Qb7 32. h4 a4 33. Rb1 b3 34. axb3
axb3 35. Qe3 b2 36. Rd2 Qb4 37. Rdxb2 Qxc4 38. Rb6 Rfc7 39. R6b4 Qa2 40. h5 h6
41. Kg2 Qa5 42. Bf3 Rf7 43. Rb8 Rfc7 44. Bg4 Qa2 45. R1b3 Rxb8 46. Bxe6+ Kh7
47. Bf5+ Kh8 48. Rxb8 Rf7 49. Bb1 Qd5+ 50. Qe4 Qxe4+ 51. Bxe4 Rf6 52. Rc8 Kg8
53. Bxc6 Kf7 54. Be4 Ke6 55. f4 Kd7 56. Ra8 Ne6 57. Ra7+ Kd8 58. c6 Nc7 59. Rb7
Rd6 60. Rb8+ Ke7 61. Kf3 1-0